000 00685cam a22002533a 4500
001 31108
003 PGUSA
005 20140828083655.0
008 100128s2010||||xxu|||||s|||||000 | eng d
040 _aPGUSA
_beng
042 _adc
050 4 _aHX
100 1 _aHunter, Robert,
_d1874-1942
245 1 0 _aViolence and the Labor Movement
_h[electronic resource] /
_cRobert Hunter
260 _bProject Gutenberg,
_c2010
506 _aPublic domain in the USA.
516 _aElectronic text
653 _aAnarchism
653 _aLabor movement
653 _aSyndicalism
830 0 _aProject Gutenberg
_v31108
856 4 0 _uhttp://www.gutenberg.org/ebooks/31108
942 _cEB
999 _c260363
_d260363